000 00790nam a2200241Ia 4500
003 IN-BaIIA
008 211028s9999 xx 000 0 eng d
020 _a90-277-1805-9
040 _cIIA Library
080 _a531.5:51
_bMAT
245 0 _aMathematical aspects of superspace
_cedited by H.-J. Seifert, C.J.S. Clarke, A. Rosenblum.
260 _aDodrrecht
_bD. Reidel Publishing
_c1984
300 _axii, 214p.
650 _aGauge fields (Physics)
_914001
650 _aGauge fields (Physics) - congresses
_914002
650 _aSupergravity
_911828
650 _aSupergravity - congresses
_914003
650 _aSupersymmetry - congresses
_914004
700 _aClarke, C. J. S., ed.
_914005
700 _aRosenblum, A., ed.
_914006
700 _aSeifert H. J., ed.
_914007
942 _cBK
999 _c8352
_d8352